00521nam a2200157Ia 450000500170000000800410001708200130005810000140007124500270008526000410011230000130015350000790016694200060024595200970025199900150034820250623015559.0240331s9999 xx 000 0 und d bMASa323 aMasani, M 0aVedana manava samajaya aMaharagamabLimited Saman Publishers a151 p ., aA book on Growing human society - ( from the tribe to the world community) cL 001040708LaWERCLbWERCLcSSCd2024-03-31l0o 323.4 MASp3478r2024-03-31w2024-03-31yL c2491d2491